सुलभ आरोग्यसरिता (Record no. 370181)

MARC details
000 -LEADER
fixed length control field 01207 a2200145 4500
003 - CONTROL NUMBER IDENTIFIER
control field OSt
005 - DATE AND TIME OF LATEST TRANSACTION
control field 20260204155048.0
008 - FIXED-LENGTH DATA ELEMENTS--GENERAL INFORMATION
fixed length control field 260204b |||||||| |||| 00| 0 eng d
100 ## - MAIN ENTRY--PERSONAL NAME
Personal name मराठे एस
9 (RLIN) 216608
245 ## - TITLE STATEMENT
Title सुलभ आरोग्यसरिता
260 ## - PUBLICATION, DISTRIBUTION, ETC. (IMPRINT)
Name of publisher, distributor, etc. भारतीय विचार साधना प्रकाशन
Date of publication, distribution, etc. 2018
Place of publication, distribution, etc. पुणे
300 ## - PHYSICAL DESCRIPTION
Extent 64pp.
520 ## - SUMMARY, ETC.
Summary, etc. शरीरस्वास्थाचा मूळमंत्र, दक्षता, आहारशास्त्र, याद्वारे विविध शरीरसंस्थानिहाय असलेल्या विकारांचे सुलभरीत्या उपचार ही मध्यवर्ती कल्पना याठिकाणी निश्चित करण्यात आली आहे. दुर्मिळ औषधी वनस्पतींद्वारे रोगहरण सहज शक्य आहे. वाचकांमार्फत या कृतीचे स्वागतच होईल हा आत्मविश्वास आहे. शुभं भवतु !
942 ## - ADDED ENTRY ELEMENTS (KOHA)
Koha item type Books
Source of classification or shelving scheme Dewey Decimal Classification
Holdings
Withdrawn status Lost status Source of classification or shelving scheme Damaged status Not for loan Collection code Home library Current library Date acquired Vendor Cost, normal purchase price Total Checkouts Barcode Date last seen Cost, replacement price Bill Date Koha item type Original Barcode
    Dewey Decimal Classification     MCA MKSSS s K.B. Joshi Institute of Information Technology Library MKSSS s K.B. Joshi Institute of Information Technology Library 03/02/2026 188 49.00   KBJP-BK-2996 03/02/2026 70.00 03/02/2026 Books 2996